Normal view MARC view

Entry Personal Name

Number of records used in: 2

001 - CONTROL NUMBER

  • control field: 542105

003 - CONTROL NUMBER IDENTIFIER

  • control field: OSt

005 - DATE AND TIME OF LATEST TRANSACTION

  • control field: 20220930081808.0

008 - FIXED-LENGTH DATA ELEMENTS

  • fixed length control field: 220930|| aca||aabn | a|a d

040 ## - CATALOGING SOURCE

  • Original cataloging agency: OSt
  • Transcribing agency: OSt

100 ## - HEADING--PERSONAL NAME

  • Personal name: Sajith Damodaran

670 ## - SOURCE DATA FOUND

  • Source citation: Work cat.: (OSt)872000: Sajith Damodaran, Evaluation of effect of preoperative prolonged fasting on perioperative blood sugar, serum electrolytes and ketogenesis, 2010
Copyright @ Delhi University Library System